00330nam a2200145Ia 4500008004000000041000800040082001200048100001700060245002600077260004300103650000800146650001300154650000900167650000800176210210b1955 xxu||||| |||| 00| 0 eng d aeng a825/665 aPRESS (John) aFire and the fountain aLondonbOxford University Pressc1955 athe afountain aFire aand